Essential Dermatology Venereology and Leprosy (Record no. 154407)
[ view plain ]
| 000 -LEADER | |
|---|---|
| fixed length control field | 00400nam a2200145Ia 4500 |
| 008 - FIXED-LENGTH DATA ELEMENTS--GENERAL INFORMATION | |
| fixed length control field | 230411s9999 xx 000 0 und d |
| 020 ## - INTERNATIONAL STANDARD BOOK NUMBER | |
| International Standard Book Number | 81-8191-081-8 |
| 041 ## - LANGUAGE CODE | |
| Language code of text/sound track or separate title | eng |
| 082 ## - DEWEY DECIMAL CLASSIFICATION NUMBER | |
| Classification number | D/616.5/KUR/B03551 |
| 100 ## - MAIN ENTRY--PERSONAL NAME | |
| Personal name | Kuruvila Maria |
| 9 (RLIN) | 177778 |
| 245 ## - TITLE STATEMENT | |
| Title | Essential Dermatology Venereology and Leprosy |
| 260 ## - PUBLICATION, DISTRIBUTION, ETC. (IMPRINT) | |
| Name of publisher, distributor, etc. | Paras Publishing |
| Place of publication, distribution, etc. | Hyderabad |
| Date of publication, distribution, etc. | 2005 |
| 300 ## - PHYSICAL DESCRIPTION | |
| Extent | 238p |
| Withdrawn status | Lost status | Damaged status | Not for loan | Collection code | Home library | Current library | Date acquired | Vendor | Cost, normal purchase price | Bill number | Total Checkouts | Full call number | Barcode | Date last seen | Date last checked out | Cost, replacement price | Bill Date | Koha item type | Original Barcode |
|---|---|---|---|---|---|---|---|---|---|---|---|---|---|---|---|---|---|---|---|
| Smt. Bakul Tambat Institute of Nursing Education | Smt. Bakul Tambat Institute of Nursing Education | 22/07/2006 | S.K.Kothari,Pune. | 275.00 | 9681 | 1 | D 616.5 KUR B03551 | BTIN-BK-3551 | 18/11/2024 | 11/11/2024 | 192.00 | 22/07/2006 | Books | B03551 |